LEADER 00914cam0-22003611i-450- 001 990003948940403321 005 20060302135900.0 010 $a0-333-44641-0 035 $a000394894 035 $aFED01000394894 035 $a(Aleph)000394894FED01 035 $a000394894 100 $a20030910d1988----km-y0itay50------ba 101 0 $aeng 102 $aGB 105 $aa-------001yy 200 1 $aLionel Robbins$fD. P. O'Brien 210 $aLondon$cMacmillan$d1988 215 $a312 p.$cill.$d22 cm 676 $aD/0.2 676 $aD/7 700 1$aO'Brien,$bDenis Patrick$f<1939- >$049634 801 0$aIT$bUNINA$gRICA$2UNIMARC 901 $aBK 912 $a990003948940403321 952 $aB1-B3.130$b1134$fDECTS 952 $aXI B 234$b5962$fFSPBC 952 $aD/0.2 OBR$b7675$fSES 959 $aFSPBC 959 $aSES 959 $aDECTS 996 $aLionel Robbins$9513720 997 $aUNINA LEADER 01178nam a22002891i 4500 001 991001163359707536 005 20021125161143.0 008 021125s1983 it |||||||||||||||||ita 035 $ab1210873x-39ule_inst 035 $aARCHE-019853$9ExL 040 $aDip.to Filologia Ling. e Lett.$bita$cA.t.i. Arché s.c.r.l. Pandora Sicilia s.r.l. 082 04$a872.4 245 03$aIl teatro umanistico veneto :$bla commedia /$ca cura di Graziella Gentilini 260 $aRavenna :$bLongo,$c1983 300 $a276 p. ;$c22 cm 490 0 $aTesti e studi umanistici 500 $aContiene: Epirota / di Tommaso Mezzo . Stephanium / di Giovanni Armonio Marso . Dolotechne / di Bartolomeo Zamberti. 700 1 $aMezzo, Tommaso 700 1 $aZamberti, Bartolomeo$d 700 1 $aGentilini, Graziella 700 1 $aArmonio, Giovanni$d 907 $a.b1210873x$b28-04-17$c01-04-03 912 $a991001163359707536 945 $aLE008 FL.M. XII C 4$g1$i2008000132033$lle008$o-$pE0.00$q-$rl$s- $t0$u13$v2$w13$x0$y.i1241363x$z01-04-03 996 $aTeatro umanistico veneto$9150361 997 $aUNISALENTO 998 $ale008$b01-04-03$cm$da $e-$fita$git $h3$i1 LEADER 01004nam0-22003611i-450 001 990000700540403321 005 20250722123302.0 035 $a000070054 035 $aFED01000070054 035 $a(Aleph)000070054FED01 035 $a000070054 100 $a20020821d1984----km-y0itay50------ba 101 0 $aita 102 $aIT 105 $aa-------001yy 200 1 $a<>Partenone$fGerardo Mazziotti$gprefazione di Roberto di Stefano 210 $aNapoli$cEdizioni Scientifiche Italiane$d1984 215 $a125 p.$cill.$d22x24 cm 610 0 $aAtene$aPartenone 676 $a722.8 700 1$aMazziotti,$bGerardo$08583 702 1$aDi Stefano,$bRoberto$f<1926-2005> 801 0$aIT$bUNINA$gRICA$2UNIMARC 901 $aBK 912 $a990000700540403321 952 $aARCH B 931$b1093/172$fFARBC 952 $aCAN 93$bs.i.$fDINST 952 $aDE FUSCO 731$bRDF 765$fDARST 959 $aDARST 959 $aFARBC 959 $aDINST 996 $aPartenone$9236339 997 $aUNINA